000
00172nam a2200073Ia 4500
008
170817s9999 xx 000 0 und d
100
_a
SHARMA
245
0
_a
HINDI BHASHA SIKSHAN
260
_b
H.P.BHARGAV AGRA
999
_c
36284
_d
36284